[Event "AUTO-OPEN-4623"]
[Site "http://www.queenalice.com/game.php?id=1865284"]
[Date "2025.11.8"]
[Round "1"]
[White "mennecy91"]
[Black "maurice916"]
[Result "1-0"]
[WhiteElo "2077"]
[BlackElo "1821"]

1. c4 c6 2. Nc3 Nf6 3. e4 e5 4. g3 a6 5. Bg2 Bc5 6. d3 d6 7. h3 Be6 8. Nge2 O-O
9. O-O Re8 10. Kh2 Qc7 11. f4 Bd7 12. f5 b5 13. b3 b4 14. Na4 Qa7 15. g4 a5 16.
Ng3 Bb6 17. Nxb6 Qxb6 18. Bg5 c5 19. Bxf6 gxf6 20. Nh5 Qd8 21. Qd2 Bc6 22. Qh6
Qe7 23. Qg7# 1-0

[Event "AUTO-OPEN-4623"]
[Site "http://www.queenalice.com/game.php?id=1865285"]
[Date "2025.11.8"]
[Round "1"]
[White "maurice916"]
[Black "mennecy91"]
[Result "1/2-1/2"]
[WhiteElo "1872"]
[BlackElo "2091"]

1. Nf3 c5 2. b3 Nc6 3. Bb2 d5 4. e3 Bf5 5. d4 b6 6. Bd3 Bxd3 7. cxd3 Nf6 8. dxc5
bxc5 9. O-O e6 10. Re1 Bd6 11. Nbd2 O-O 12. Nf1 h6 13. d4 Ne4 14. dxc5 Nxc5 15.
Nd4 Rc8 16. Nxc6 Rxc6 17. f4 Ne4 18. Qg4 Nf6 19. Qf3 Rc2 20. Bd4 a5 21. Ng3 Be7
22. Re2 Qc7 23. Rae1 Rc8 24. h3 g6 25. Kh2 Rxe2 26. Rxe2 Qc6 27. Nf1 Ne4 28. Nd2
Nxd2 29. Rxd2 Qc1 30. Qe2 Qc6 1/2-1/2

[Event "AUTO-OPEN-4623"]
[Site "http://www.queenalice.com/game.php?id=1865288"]
[Date "2025.11.8"]
[Round "1"]
[White "mennecy91"]
[Black "Fischercat"]
[Result "0-1"]
[WhiteElo "2092"]
[BlackElo "1854"]

1. c4 c5 2. Nc3 d6 3. g3 Bd7 4. Bg2 Bc6 5. e4 Nd7 6. d3 e5 7. Nge2 Be7 8. O-O h6
9. f4 exf4 10. Nxf4 Bf6 11. Nfd5 Bxd5 12. Nxd5 Nb6 13. Qe2 Ne7 14. Nxf6+ gxf6
15. Rxf6 Nc6 16. Rxh6 Rxh6 17. Bxh6 Nd4 18. Qg4 Ne6 19. Qg8+ Ke7 20. Bg5+ Nxg5
21. Qxg5+ Kd7 22. Qxd8+ Kxd8 23. Rf1 Ke7 24. b3 Nd7 25. h4 Ne5 26. Rd1 Rg8 27.
Kf2 a5 28. Bf3 Ke6 29. d4 cxd4 30. Rxd4 Nc6 31. Rd2 Ne5 32. Rd5 b6 33. Rd1 Rg6
34. a3 Rf6 35. Ke2 Rxf3 36. Rg1 Rxb3 0-1

[Event "AUTO-ADV-4875"]
[Site "http://www.queenalice.com/game.php?id=1865579"]
[Date "2025.11.14"]
[Round "2"]
[White "Connor"]
[Black "mennecy91"]
[Result "0-1"]
[WhiteElo "1873"]
[BlackElo "2083"]

1. d4 f5 2. c4 Nf6 3. Nc3 g6 4. e3 Bg7 5. Nf3 d6 6. a3 O-O 7. Bd2 c6 8. Rb1 Qe8
9. Bd3 e5 10. dxe5 dxe5 11. Bc2 Nbd7 12. b4 a6 13. a4 Nb6 14. Bb3 Be6 15. Nxe5
Nfd7 16. Nxd7 Nxd7 17. b5 Nc5 18. bxc6 bxc6 19. O-O Rd8 20. Qc2 Nxb3 21. Qxb3
Rxd2 0-1

[Event "AUTO-ADV-4875"]
[Site "http://www.queenalice.com/game.php?id=1865580"]
[Date "2025.11.14"]
[Round "2"]
[White "mennecy91"]
[Black "Connor"]
[Result "1-0"]
[WhiteElo "2084"]
[BlackElo "1891"]

1. c4 d5 2. d4 e6 3. Nc3 dxc4 4. e4 Be7 5. Bxc4 c6 6. Nf3 Nf6 7. O-O O-O 8. h3
a5 9. Be3 b5 10. Bd3 Nbd7 11. Rc1 Bb7 12. Re1 Nb6 13. Ne5 Nbd7 14. Nxd7 Qxd7 15.
f4 b4 16. Na4 Qc7 17. Nc5 Bxc5 18. Rxc5 Ba6 19. Bc2 Bb5 20. Rg5 a4 21. e5 Nd5
22. Qg4 g6 23. Qh4 Nxe3 24. Rxe3 Qb6 25. f5 Rad8 26. fxg6 fxg6 27. Bxg6 Rf1+ 28.
Kh2 Qxd4 29. Qxd4 Rxd4 30. Bd3+ Kh8 31. Bxf1 Bxf1 32. Rf3 1-0